Nederlandse Politieke partijen - Statistieken

Algemene statistieken
  • Deze quiz is 79 keer genomen
  • De gemiddelde score is 14 van 17
Antwoordstatistieken
Behaalde zetels Partij % Correct
17 PVV
98%
34 VVD
95%
15 CDA
90%
24 D66
90%
9 PVDA
90%
8 FvD
87%
5 CU
83%
9 SP
83%
8 GL
79%
3 Denk
78%
1 BBB
76%
3 SGP
76%
6 PvdD
71%
3 Ja21
70%
3 Volt
70%
1 Bij1
68%
1 50+
65%
Geen overeenkomende quizzen gevonden
Scoreverdeling
Procent van Mensen met Elke Score
Percentiel versus Aantal Correcte Antwoorden
Uw Scoregeschiedenis
U heeft deze quiz nog niet genomen